<?xml version="1.0" encoding="UTF-8"?>
<marc:record xmlns:marc="http://www.loc.gov/MARC21/slim">
   <marc:leader>00000nam a2200000 a 4500</marc:leader>
   <marc:datafield ind1="1" ind2=" " tag="100">
      <marc:subfield code="a">Menasse, Eva</marc:subfield>
      <marc:subfield code="4">aut</marc:subfield>
      <marc:subfield code="e">Verfasser/-in</marc:subfield>
   </marc:datafield>
   <marc:datafield ind1=" " ind2=" " tag="653">
      <marc:subfield code="a">20.Jh.</marc:subfield>
   </marc:datafield>
   <marc:datafield ind1=" " ind2=" " tag="653">
      <marc:subfield code="a">Flüchtlinge</marc:subfield>
   </marc:datafield>
   <marc:datafield ind1=" " ind2=" " tag="653">
      <marc:subfield code="a">Historischer Roman</marc:subfield>
   </marc:datafield>
   <marc:datafield ind1=" " ind2=" " tag="653">
      <marc:subfield code="a">Hörbuch</marc:subfield>
   </marc:datafield>
   <marc:datafield ind1=" " ind2=" " tag="653">
      <marc:subfield code="a">Moderne Unterhaltung</marc:subfield>
   </marc:datafield>
   <marc:datafield ind1=" " ind2=" " tag="653">
      <marc:subfield code="a">Nationalsozialismus</marc:subfield>
   </marc:datafield>
   <marc:datafield ind1=" " ind2=" " tag="653">
      <marc:subfield code="a">TDD</marc:subfield>
   </marc:datafield>
   <marc:datafield ind1=" " ind2=" " tag="653">
      <marc:subfield code="a">Österreich</marc:subfield>
   </marc:datafield>
   <marc:datafield ind1="0" ind2="0" tag="245">
      <marc:subfield code="a">Dunkelblum</marc:subfield>
   </marc:datafield>
   <marc:datafield ind1="0" ind2="0" tag="245">
      <marc:subfield code="c">Menasse, Eva</marc:subfield>
   </marc:datafield>
   <marc:datafield ind1=" " ind2="1" tag="264">
      <marc:subfield code="b">Roof Music</marc:subfield>
      <marc:subfield code="c">2021</marc:subfield>
   </marc:datafield>
   <marc:datafield ind1="1" ind2=" " tag="520">
      <marc:subfield code="a">Jeder schweigt von etwas anderem&#xD;
August 1989: Im österreichischen Städtchen Dunkelblum taucht ein rätselhafter Besucher auf, eine junge Frau verschwindet, ein Skelett wird gefunden. Und hinter der nahen Grenze zu Ungarn warten bereits Hunderte DDR-Flüchtlinge. Da kommen wie von selbst die Erinnerungen an ein furchtbares Verbrechen zurück, das die Dunkelblumer gern für immer verdrängt hätten.&#xD;
Mit Witz und Suspense entwirft Eva Menasse ein großes Geschichtspanorama am Beispiel einer kleinen Stadt und erzählt vom Umgang der Bewohner mit einer historischen Schuld.&#xD;
&#xD;
Morde von Rechnitz als Inspiration&#xD;
Es gibt Menschen in Dunkelblum, die sich erinnern an jene Nacht, als hunderte Zwangsarbeiter erschossen und verscharrt wurden, doch sie schweigen weiter, hartnäckig. Ganz allmählich blättert Eva Menasse ihre Geschichte auf, die inspiriert ist von den grausamen Morden von Rechnitz im März 1945</marc:subfield>
   </marc:datafield>
   <marc:datafield ind1=" " ind2=" " tag="300">
      <marc:subfield code="a">2</marc:subfield>
   </marc:datafield>
</marc:record>
